| 000 | 01171nam a2200253 a 4500 | ||
|---|---|---|---|
| 003 | BD-DhJNU | ||
| 005 | 20251211043836.0 | ||
| 008 | 251108s2019 bg |||g |||| 000 1|ben|d | ||
| 020 | _a9847012003688 | ||
| 040 |
_aBD-DhJNU _bben _cBD-DhJNU _dBD-DhJNU |
||
| 041 | _aben | ||
| 082 |
_a891.44309 HAM _223 |
||
| 100 | _aহক, খোন্দকার সিরাজুল | ||
| 245 | 1 | 0 |
_aমুসলিম সাহিত্য-সমাজ সমাজচিন্তা ও সাহিত্যকর্ম / _cখোন্দকার সিরাজুল হক |
| 246 | _aMuslim Sahitto Samaj: Samajchinta o Sahittokormo | ||
| 250 | _a2st ed. | ||
| 260 |
_aঢাকা : _bকথা প্রকাশ, _c2019. |
||
| 300 |
_a৫৩৩ পৃ. : _bচিত্র ; _c২১ সেমি.। |
||
| 504 | _aগ্রন্থপঞ্জিগত নির্দেশিকা ও নিঘন্ট অন্তভূক্ত | ||
| 650 | _aবাংলা সাহিত্য-ইতিহাস | ||
| 650 | _aBengali literary history | ||
| 650 | _aমুসলিম সাহিত্য-সমাজ--Muslim Literary Society | ||
| 942 | _cBK | ||
| 999 |
_c2424 _d2424 |
||